000 01473cas a22003977a 4500
001 16573819
003 ASAB
005 20180827062648.0
008 101209c20109999nyu x p 0 a0eng
020 _a9789384568573
035 _a(OCoLC)ocn693373400
037 _bNova Science Publishers, 400 Oser Ave, Ste 1600, Hauppauge, NY 11788
040 _aDLC
_beng
_cASAB
_dDLC
_dOCLCF
_dOCLCO
_dDLC
082 1 0 _a620.5
_214
210 _aBio-Nano-Geo-Sciences
222 0 _aBio Nano Geo Sciences A biological route to nanotechnology
_b(Hauppauge, N.Y.)
245 0 0 _aBio-Nano-Geo-Sciences A biological route to nanotechnology
246 _aBio Nano Geo Sciences A biological route to nanotechnology
260 _a[Hauppauge, NY :
_bNova Science Publishers]
300 _a272 P.
310 _aIrregular
362 1 _aBegan with: Vol. 1 in 2010.
490 0 _aAdvances in nanotechnology
500 _aEditors: E.J. Chen and N. Peng, v. 1; Zacharie Bartul and Jérôme Trenor, v. 2-<v. 4>
650 0 _aNanotechnology
_vPeriodicals.
_92033
650 7 _aNanotechnology.
_2fast
_92034
655 7 _aPeriodicals.
_2fast
_92035
700 1 _aChen, E. Jack.
_92036
700 1 _aPeng, N.
_92037
700 1 _aBartul, Zacharie.
_92038
700 1 _aTrenor, Jérôme.
_92039
906 _a7
_bbbc
_cserorig
_d2
_encip
_f20
_gn-oclcserc
942 _2ddc
_cBK
999 _c480167
_d480167